000 00296nam a22001337a 4500
008 170213b xxu||||| |||| 00| 0 eng d
020 _a9781437722567
041 _aeng
080 _212ED
_a61
100 _a4
101 _aSHM
245 _aINSURANCE HANDBOOK MEDICAL
_cFORDNEY
942 _2udc
_cBK
999 _c5295
_d5295